000 00236nam a2200097Ia 4500
001 1064866
005 20250827001723.0
008 250824s9999 xx 000 0 und d
245 0 _aKÜRŞAD
_cORHAN YENİARAS
260 _bPANAMA YAYINLARI
999 _c1064866
_d1064866